Formula One Drivers by Career Path #3 - Statistics

General Stats
  • This quiz has been taken 8 times
  • The average score is 5 of 10
Answer Stats
Teams Answer % Correct
Toro Rosso-Red Bull-Williams Alexander Albon
86%
HRT-Toro Rosso-Red Bull-Renault-McLaren-Alpha Tauri-Racing Bulls Daniel Ricciardo
71%
Williams-Alpine Franco Colapinto
71%
Alfa Romeo-Maserati-Mercedes-Ferrari-Maserati-Kurtis Kraft Juan Manuel Fangio
71%
McLaren-Renault-Ferrari-Williams Alain Prost
43%
Ferrari-Maserati-Lancia Alberto Ascari
43%
Benetton-Simtek-Footwork-Tyrrell-Stewart-Arrows-Minardi Jos Verstappen
43%
Jordan-Williams-Toyota Ralf Schumacher
43%
Williams-Lotus Pastor Maldonado
29%
Ensign-McLaren-Brabham-Williams-Lotus-Benetton Nelson Piquet
14%
No matching quizzes found
Score Distribution
Percent of People with Each Score
Percentile by Number Answered
Your Score History
You have not taken this quiz